| 000 | 00724nam a2200241 a 4500 | ||
|---|---|---|---|
| 001 | 14185 | ||
| 003 | BD-JhCC | ||
| 005 | 20250208135330.0 | ||
| 008 | 250208b2023 ii a|||| ||a| 001 0 eng d | ||
| 020 | _a 9788184303360 | ||
| 035 | _a(BD-JhCC)14185 | ||
| 040 |
_aBD-JhCC _dBD-JhCC |
||
| 041 | _aenglish | ||
| 082 |
_a920 _bKAL 2023 |
||
| 100 | _aKalam,A. P. J. Abdul | ||
| 245 |
_aYou are born to blossom : take my journey beyond... / _cA. P. J. Abdul Kalam, Arun Tiwari. |
||
| 260 |
_aIndia: _bOcean Books Pvt. Ltd.; _c 2023. |
||
| 300 |
_a93 p. : _bill; _c21 cm. |
||
| 651 |
_aAbdul Kalam, A. P. J. 1931-2015 Conduct of life _xBiography & autobiography |
||
| 700 | _aTiwari,Arun | ||
| 942 |
_2ddc _cBK |
||
| 999 |
_c14185 _d14185 |
||